Využitie business intelligence v podniku
Začiatky business intelligence (BI) a ich rozvoj, ktorý predstavoval riešenia smerujúce k podpore manažérskych a analytických úloh v prostredí podniku. BI v súčasnosti ako faktor kvality podnikovej informatiky.
Uložené v:
| Hlavný autor: | |
|---|---|
| Médium: | Kapitola |
| Jazyk: | Slovak |
| Predmet: | |
| Tagy: |
Žiadne tagy, Buďte prvý, kto otaguje tento záznam!
|
MARC
| LEADER | 00000naa$a2200000$$$4500 | ||
|---|---|---|---|
| 001 | 0224385 | ||
| 005 | 20240502073656.6 | ||
| 041 | 0 | |a slo | |
| 044 | |a SK | ||
| 245 | 1 | 0 | |a Využitie business intelligence v podniku |c Anna Harumová |
| 520 | |a Začiatky business intelligence (BI) a ich rozvoj, ktorý predstavoval riešenia smerujúce k podpore manažérskych a analytických úloh v prostredí podniku. BI v súčasnosti ako faktor kvality podnikovej informatiky. | ||
| 610 | 2 | 0 | |a business intelligence |
| 610 | 2 | 0 | |a informácie vnútropodnikové |
| 610 | 2 | 0 | |a systémy informačné organizácií |
| 610 | 2 | 0 | |a manažment informačný strategický |
| 100 | 1 | |a Harumová, Anna, 1955- | |